| 000 | 00000nam##2200000za#4500 |
| 001 | 9.635823 |
| 003 | CaOODSP |
| 005 | 20210624220435 |
| 007 | cr ||||||||||| |
| 008 | 150407|2008||||xxc|||||o f|0| 0 fre|d |
| 020 | |a978-1-100-90043-8 |
| 040 | |aCaOODSP|bfre |
| 043 | |an-cn--- |
| 086 | 1 |aYL2-13/2008F-PDF |
| 245 | 00|aLes bibliothèques législatives : |h[ressource électronique]|bpartenaires en démocratie |
| 246 | 1 |a24e Préconférence annuelle IFLA : services de bibliothèque et de recherche parlementaires |
| 260 | |aOttawa - Ontario : |bBibliothèque du Parlement |cc2008. |
| 300 | |a47p.|bphotographies |
| 500 | |a"24e Préconférence annuelle IFLA : Services de bibliothèque et de recherche parlementaires, 6-8 Août 2008, Ottawa, Canada" |
| 590 | |a09-19|b2009-05-08 |
| 691 | 07|aBibliothèque gouvernementale|2gcpds |
| 710 | 1 |aCanada. |bBibliothèque du Parlement. |
| 775 | 08|tLegislative libraries : |w(CaOODSP)9.691495 |
| 856 | 40|ahttp://publications.gc.ca|qPDF|s2011 Ko|uhttps://publications.gc.ca/collections/collection_2009/bdp-lop/YL2-13-2008F.pdf |